<?xml version="1.0" encoding="UTF-8"?>
<record
    xmlns:xsi="http://www.w3.org/2001/XMLSchema-instance"
    xsi:schemaLocation="http://www.loc.gov/MARC21/slim http://www.loc.gov/standards/marcxml/schema/MARC21slim.xsd"
    xmlns="http://www.loc.gov/MARC21/slim">

  <leader>00765nam a22002537a 4500</leader>
  <controlfield tag="005">20170123162351.0</controlfield>
  <datafield tag="010" ind1=" " ind2=" ">
    <subfield code="a">259139</subfield>
  </datafield>
  <datafield tag="020" ind1=" " ind2=" ">
    <subfield code="c">4.00</subfield>
  </datafield>
  <datafield tag="035" ind1=" " ind2=" ">
    <subfield code="a">259139</subfield>
  </datafield>
  <datafield tag="037" ind1=" " ind2=" ">
    <subfield code="b">Cen Lib/Ret</subfield>
  </datafield>
  <datafield tag="040" ind1=" " ind2=" ">
    <subfield code="a">DPL</subfield>
    <subfield code="b">UR</subfield>
  </datafield>
  <datafield tag="082" ind1=" " ind2=" ">
    <subfield code="a">846</subfield>
    <subfield code="b">&#x634; &#x648; &#x6A9; </subfield>
  </datafield>
  <datafield tag="100" ind1=" " ind2=" ">
    <subfield code="a">&#x62A;&#x6BE;&#x627;&#x646;&#x648;&#x6CC;&#x60C; &#x634;&#x648;&#x6A9;&#x62A; </subfield>
    <subfield code="9">399</subfield>
  </datafield>
  <datafield tag="245" ind1=" " ind2=" ">
    <subfield code="a">/ &#x628;&#x627; &#x631;&#x650; &#x62E;&#x627; &#x637;&#x631;&#x650;</subfield>
    <subfield code="c">&#x634;&#x648;&#x6A9;&#x62A; &#x62A;&#x6BE;&#x627;&#x646;&#x648;&#x6CC;</subfield>
  </datafield>
  <datafield tag="246" ind1=" " ind2=" ">
    <subfield code="a">Bar-e-khatir /</subfield>
    <subfield code="b">by Shokat Thanwi</subfield>
  </datafield>
  <datafield tag="260" ind1=" " ind2=" ">
    <subfield code="a">&#x627;&#x645;&#x631;&#x62A;&#x633;&#x631; </subfield>
    <subfield code="b">&#x622;&#x632;&#x627;&#x62F; &#x628;&#x6A9; &#x688;&#x67E;&#x648; </subfield>
  </datafield>
  <datafield tag="270" ind1=" " ind2=" ">
    <subfield code="a">&#x62D;&#x627;&#x644; &#x628;&#x627;&#x632;&#x627;&#x631; &#x627;&#x645;&#x631;&#x62A;&#x633;&#x631;  </subfield>
    <subfield code="b">&#x627;&#x645;&#x631;&#x62A;&#x633;&#x631; </subfield>
  </datafield>
  <datafield tag="300" ind1=" " ind2=" ">
    <subfield code="a">311p.</subfield>
    <subfield code="c">16cm(Hb)</subfield>
  </datafield>
  <datafield tag="650" ind1=" " ind2=" ">
    <subfield code="a"> &#x627;&#x631;&#x62F;&#x648; &#x627;&#x62F;&#x628; </subfield>
    <subfield code="9">136510</subfield>
  </datafield>
  <datafield tag="650" ind1=" " ind2=" ">
    <subfield code="a"> &#x627;&#x631;&#x62F;&#x648; -- &#x62E;&#x637; </subfield>
    <subfield code="9">108916</subfield>
  </datafield>
  <datafield tag="650" ind1=" " ind2=" ">
    <subfield code="a">Urdu literature</subfield>
    <subfield code="9">136511</subfield>
  </datafield>
  <datafield tag="650" ind1=" " ind2=" ">
    <subfield code="a">Urdu-- letters</subfield>
    <subfield code="9">862</subfield>
  </datafield>
  <datafield tag="942" ind1=" " ind2=" ">
    <subfield code="2">ddc</subfield>
    <subfield code="c">UR</subfield>
    <subfield code="h">846</subfield>
    <subfield code="m">&#x634; &#x648; &#x6A9; </subfield>
  </datafield>
  <datafield tag="999" ind1=" " ind2=" ">
    <subfield code="c">109238</subfield>
    <subfield code="d">109238</subfield>
  </datafield>
  <datafield tag="952" ind1=" " ind2=" ">
    <subfield code="0">0</subfield>
    <subfield code="1">0</subfield>
    <subfield code="4">0</subfield>
    <subfield code="7">0</subfield>
    <subfield code="a">L</subfield>
    <subfield code="b">L</subfield>
    <subfield code="d">2016-02-27</subfield>
    <subfield code="e">Cen Lib/Ref</subfield>
    <subfield code="g">4.00</subfield>
    <subfield code="l">0</subfield>
    <subfield code="o">846 &#x634; &#x648; &#x6A9;</subfield>
    <subfield code="p">259139</subfield>
    <subfield code="r">2016-02-27 00:00:00</subfield>
    <subfield code="t">1</subfield>
    <subfield code="v">4.00</subfield>
    <subfield code="w">2016-02-27</subfield>
    <subfield code="y">UR</subfield>
  </datafield>
</record>
